|
|
|
|
| LEADER |
00000naa2a2200000 4500 |
| 001 |
390687 |
| 005 |
20231101064010.0 |
| 035 |
|
|
|a (RuTPU)RU\TPU\prd\23945
|
| 090 |
|
|
|a 390687
|
| 100 |
|
|
|a 20040316a2003 k y0rusy50 ca
|
| 101 |
0 |
|
|a rus
|
| 102 |
|
|
|a RU
|
| 200 |
1 |
|
|a Мобильная измерительная система для проведения гарантийных испытаний турбоустановок
|f А. Гаркави, Ал. Сахаров, Андр. Сахаров, О. Фатьков
|
| 225 |
1 |
|
|a Разработки/Контрольно-измерительные системы
|
| 461 |
|
1 |
|0 (RuTPU)RU\TPU\prd\1759
|x 0206-975X
|t Современные технологии автоматизации
|o производственно-технический журнал
|d 2000-
|
| 463 |
|
1 |
|0 (RuTPU)RU\TPU\prd\18455
|t № 3
|v С. 22-26
|d 2003
|
| 610 |
1 |
|
|a измерительные системы
|
| 610 |
1 |
|
|a мобильные системы
|
| 610 |
1 |
|
|a турбоустановки
|
| 610 |
1 |
|
|a испытания
|
| 610 |
1 |
|
|a паровые турбоустановки
|
| 610 |
1 |
|
|a гарантийные испытания
|
| 610 |
1 |
|
|a тепловые электростанции
|
| 701 |
|
1 |
|a Гаркави
|b А.
|
| 701 |
|
1 |
|a Сахаров
|b Ал.
|
| 701 |
|
1 |
|a Сахаров
|b Андр.
|
| 701 |
|
1 |
|a Фатьков
|b О.
|
| 801 |
|
1 |
|a RU
|b 63413507
|c 20040316
|g PSBO
|
| 801 |
|
2 |
|a RU
|b 63413507
|c 20131217
|g RCR
|
| 942 |
|
|
|c BK
|